Italy National Team All-Time XI - Statistics

General Stats
  • This quiz has been taken 274 times
  • The average score is 6 of 13
Answer Stats
Position Period Player % Correct
GK 1997-2018 Gianluigi Buffon
99%
DF 1988-2002 Paolo Maldini
95%
MF 2005-15 Andrea Pirlo
90%
DF 1982-94 Franco Baresi
74%
FW 1988-2004 Roberto Baggio
72%
FW 1930-39 Giuseppe Meazza
50%
FW 1965-74 Luigi Riva
32%
DF 1975-86 Gaetano Scirea
29%
DF 1982-98 Giuseppe Bergomi
29%
MF 1963-74 Sandro Mazzola
27%
MF 1976-86 Marco Tardelli
23%
Coach 1929-48 Vittorio Pozzo
11%
12th player 1980-86 Bruno Conti
10%
No matching quizzes found
Score Distribution
Percent of People with Each Score
Percentile by Number Answered
Your Score History
You have not taken this quiz